| 000 | 00758cab a2200265 4500 | ||
|---|---|---|---|
| 001 | ABS53472 | ||
| 008 | 090401t1995 xxu||||| |||| 00| 0 eng d | ||
| 035 | _a(Sirsi) u4487 | ||
| 041 | _aeng | ||
| 100 | _aHall, B. | ||
| 245 | _aGummer draft sounds a note of realism on town centres | ||
| 260 | _c1995 | ||
| 350 | _a0 | ||
| 490 |
_aProperty Week _v5287/8) 17-24 August 1995, 32(1) |
||
| 520 | _aThe DoE has published a draft version of PPG6 on town centre and retail development. | ||
| 650 | _aHIGH STREET | ||
| 650 | _aPLANNING POLICY GUIDANCE NOTE SIX | ||
| 650 | _aQUALITY | ||
| 650 | _aRETAIL DEVELOPMENT | ||
| 650 | _aTOWN CENTRES | ||
| 650 | _aURBAN DESIGN | ||
| 690 | _aPLANNING LAW AND PRACTICE | ||
| 942 | _n0 | ||
| 948 | _c04/03/1997 | ||
| 999 |
_c2703 _d2703 |
||